00996 a2200241 450000500170000000800410001704000120005804100080007010000310007824501360010926000530024530000110029865000410030965000240035065000360037466200260041070000270043670000340046370000240049777302030052194200150072499900150073920200104041630.0141124b xxu||||| |||| 00| 0 spa d cCO-BoIH aspa aHernandez P., Sarah929040 aIncentivos a la conservación y uso sostenible de la biodiversidad en los Andes colombianos en el contexto de sistemas productivos aBogotábInstituto Alexander von Humboldtc2004 a150 p. aConservación de biodiversidad9345 aUso sostenible9344 aSistemas de producción992252 aColombiabZona Andina aMurtinho, Felipe91362 aRodríguez, Jean Carlo95130 aBorda, Carlos951870 aHernandez P., SarahdBogot Ìnstituto Alexander von Humboldt 2004tIncentivos a la conservacin̤ y uso sostenible de la biodiversidad en los Andes colombianos en el contexto de sistemas productivos 2zcINFORME c8818d8818